| 000 | 00631nam a2200241Ia 4500 | ||
|---|---|---|---|
| 003 | OSt | ||
| 005 | 20221005092821.0 | ||
| 006 | a|||||r|||| 00| 0 | ||
| 007 | ta | ||
| 008 | 221004b |||||||| |||| 00| 0 eng d | ||
| 020 | _a3540058087 | ||
| 024 | _a103502 | ||
| 037 | _cTextual | ||
| 040 |
_aCRL _cCRL _beng |
||
| 041 |
_2eng _aeng |
||
| 082 | _aC9B31:55, L2 | ||
| 100 |
_aHohler G. Ed. _9617796 |
||
| 245 | 0 | _aSpringer tracts in modern physics | |
| 260 |
_aNew York _bSpringer Verlag USA _c1972 |
||
| 300 |
_a99p. _ccm. |
||
| 942 |
_hC9B31:55, L2 _cTEXL _2cc |
||
| 999 |
_c999393 _d999393 |
||